| 000 | 00538nam a22001457a 4500 | ||
|---|---|---|---|
| 005 | 20241221095439.0 | ||
| 008 | 241004b |||||||| |||| 00| 0 eng d | ||
| 050 | _aDPer050 M72 January-March 2018 v. 66 no. 8-10 | ||
| 100 |
_aManuel, Danilo B. _eauthor. _962196 |
||
| 245 |
_aWork and motivation / _cDanilo B. Manuel. |
||
| 260 |
_aPhilippines; _bPublishers Association of the Philippines, Inc., _cJanuary 2019. |
||
| 300 |
_aVolume 66, pages 287-288, _billustration. |
||
| 700 |
_aManuel, Danilo B. _eauthor. _962197 |
||
| 942 |
_2ddc _cPER |
||
| 999 |
_c22183 _d22183 |
||